Średniowieczne kaznodziejstwo bożogrobców

Titel: Średniowieczne kaznodziejstwo bożogrobców
Verfasser:
In: Ecclesia et civitas, (2002), Seite 463-472
alle Artikel anzeigen
Veröffentlicht: 2002
Format: Aufsatz
Sprache: Polnisch
Kein Bild verfügbar
X
alg: 39365400
001A    $01999:12-11-16 
001B    $01999:25-05-21 $t21:46:08.000 
001D    $01999:12-11-16 
001U    $0utf8 
001X    $00 
002@    $0Aox 
003@    $0393654001 
007A    $0393654001 $aHEB 
007T    $0Herdk22566 
010@    $apol 
011@    $a2002 
021A    $aŚredniowieczne kaznodziejstwo bożogrobców 
028A    $aSkrzyniarz $dRyszard 
031A    $h463-472 $j2002 
039B    $aIn $8--Aau--. Ecclesia et civitas. - Warszawa : Inst. Historii Polskiej Akad. Nauk, 2002. - 534 S.. - Ill.. - ISBN 83-86301-98-8 $x200200000000000537 $9115177019 
045F    $a200.94380902 $eDDC23BSB 
045F/01 $a200.9 
045F/03 $f0902 
045F/03 $g438 

lok: 39365400 78

exp: 39365400 78 1 #EPN
201B/01 $018-11-16 $t09:25:23.000 
201U/01 $0utf8 
203@/01 $0789764490 
208@/01 $a12-11-16 $be 
209A/01 $a/ $f000 $x00 
220C/01 $aTitelaufnehmer: pbb 
220C/01 $aHerkunft: IH PAN/PBB Kraków 
244Z/01 $2Trx $#Poola $#Lenkija $#Polija $#Polen Land $#Poland $#Lengyelország $#Poľsko $#Polsko $8--Trx--Polska$gkraj $x01 $9391345966 
244Z/01 $aGeschichte 1000-1500 $x02 
244Z/01 $2Trx $#Püha haua ordu $#ordinas Kristaus Karsto $#Order of the Holy Sepulchre of Jerusalem $#Szentsír Rend $#zakony, bożogrobcy $#rád, rytieri Božieho hrobu $#řád, rytíří Božího hrobu $#bożogrobowcy $#Zakon Rycerski Grobu Bożego w Jerozolimie $#řád božehrobci $8--Trx--Orden vom Heiligen Grab $x03 $9391378880 
244Z/01 $2Trx $#jutlustajad $#pamokslininkai $#preachers $#pap $#kaznodzieje $#kazatelia $#kazatelé $#Wanderprediger $8--Trx--Prediger $x04 $9391355341 
244Z/01 $2Trx $8--Trx--Einzelbeiträge $x05 $9391384570 
245Z/01 $a10.02.01 $x01 
247C/01 $82080>Marburg/Lahn, Herder-Institut, Forschungsbibliothek, Bibliographieportal $9336309341
LEADER 00000caa a22000002c 4500
001 393654001
003 DE-603
005 20210525214608.0
007 tu
008 161112s2002 xx |||| | u00||u|pol c
035 |a (DE-599)HEB393654001 
040 |a DE-603  |b ger  |c DE-603  |d DE-603 
041 |a pol 
082 0 4 |8 1\u  |a 200.94380902  |q DE-101  |2 23/BSB 
085 |8 1\u  |b 200.9 
085 |8 1\u  |z 1  |s 0902 
085 |8 1\u  |z 2  |s 438 
100 1 |a Skrzyniarz, Ryszard 
245 0 0 |a Średniowieczne kaznodziejstwo bożogrobców 
264 0 |c 2002 
773 0 8 |i In  |t Ecclesia et civitas  |d Warszawa : Inst. Historii Polskiej Akad. Nauk, 2002  |h 534 S., Ill.  |z 8386301988  |g (2002), Seite 463-472  |w (DE-603)115177019 
924 0 |9 2080  |a (DE-603)789764490  |b DE-2080  |c HES  |d d  |g /